00667 2200229 4500001002100000005001500021035002000036007000300056008004100059020001800100082001000118084001600128100001900144245013200163260004200295300003000337650001200367700001600379700001800395990001200413990001200425INLIS00000000000263920181226100641 a0010-1218000198ta181226 g 1 ind  a9786024554071 a398.2 a398.2 PUN d0 aPUNTER, Russel1 aDongeng Pertamaku: Satu, Dua, Pakai Sepatunya (Level 2) /cRussel Punter; pengalih bahasa, Andi Wahyu; penyunting, Putri Sastra aJakarta :bBhuana Ilmu Populer,c2018 a32 hlm. :bilus. ;c20 cm aDONGENG0 aANDI, Wahyu0 aPUTRI, Sastra a16297 a a16297 b